000 00599cam a2200193ua 4500
001 1776
008 110812n ii |||gr||||Z||||||eng
020 _a81-259-1293-2
040 _cMAIN
082 _a370.1
100 _aAgarwal, J. C.,
245 1 _aTheory & principles of education philosophy & sociological bases of education
_cby J. C. Agarwal
250 _a2nd.
260 _aNew Delhi:
_bVikas publishing house pvt. ltd,
_c2008.
300 _aix; 461p:
_c23cm.
653 _aEducation
653 _aTheory & principles of education philosophy & sociological bases of education
942 _cBK
999 _c1660
_d1660